00968nam a2200241Ia 4500001000600000003000900006008004100015040001300056040001300069041001300082100001900095100002900114245002200143245002200165250001100187260001200198260001500210260004900225300005700274500033600331650002800667650003100695C3687IT-RoPAU130308s9999 xx 000 0 und d aIT-RoPAU cIT-RoPAU aITALIANO aPicchi Michele gCodice Aut. SPICS: 39653 aSergej Paradzanov bSergej Paradzanov a1a ed. aFIRENZE bIl Castoro c1994 [1° Ed.:1994 - Ed.Ling.Originale:1994] a"112 p. (prefazione: no ; testo: 112 [pagine: 0-0])" aVita e Opere del regista Georgiano, nato a Tbilisi nel 1924. regista pittorico e Visionario, a lungo Incarcerato Come Dissidente. tra I Suoi Film: Leombre degli Avi Dimenticati (1964), Il colore della Melagrana (1969), la Leggenda della Fortezza di Di Suram (1984), Asik Kerib (1988). muore a Erevan nel 1990. Filmografia Completa. aAUTORI/OPERE DEL CINEMA eCodice materia Spics: 6807